|
|
|
|
| LEADER |
00000nam0a2200000 4500 |
| 001 |
372583 |
| 005 |
20231101050314.0 |
| 020 |
|
|
|a RU
|b 86-33898
|
| 035 |
|
|
|a (RuTPU)RU\TPU\retro\30007
|
| 035 |
|
|
|a RU\TPU\book\231368
|
| 090 |
|
|
|a 372583
|
| 100 |
|
|
|a 20221215d1986 km y0rusy5003 ca
|
| 101 |
0 |
|
|a rus
|
| 102 |
|
|
|a BY
|
| 105 |
|
|
|a y z 001zy
|
| 200 |
1 |
|
|a Социальное проектирование и управление общественным развитием
|e теоретический-методологический аспект
|f Г. А. Антонюк
|g Академия наук Белорусской ССР (АН БССР), Кафедра философии
|
| 210 |
|
|
|a Минск
|c Наука и техника
|d 1986
|
| 215 |
|
|
|a 205 с.
|
| 320 |
|
|
|a Библиогр. в примеч.: с. 192-204.
|
| 606 |
1 |
|
|a Общественное развитие
|x В целом
|2 stltpush
|3 (RuTPU)RU\TPU\subj\37762
|
| 610 |
1 |
|
|a социальное планирование
|
| 610 |
1 |
|
|a управление
|
| 610 |
1 |
|
|a общество
|
| 610 |
1 |
|
|a социализм
|
| 610 |
1 |
|
|a социальное проектирование
|
| 610 |
1 |
|
|a общественное развитие
|
| 610 |
1 |
|
|a теория
|
| 610 |
1 |
|
|a методология
|
| 686 |
|
|
|a С556
|2 rubbk
|
| 700 |
|
1 |
|a Антонюк
|b Г. А.
|g Георгий Александрович
|4 070
|
| 712 |
0 |
2 |
|a Академия наук Белорусской ССР (АН БССР)
|b Кафедра философии
|c (1936-1991)
|2 stltpush
|3 (RuTPU)RU\TPU\col\1973
|
| 801 |
|
0 |
|a RU
|b RuMRKP
|c 19950704
|g psbo
|
| 801 |
|
1 |
|a RU
|b 63413507
|c 20120319
|
| 801 |
|
2 |
|a RU
|b 63413507
|c 20221215
|g RCR
|
| 942 |
|
|
|c BK
|